Engineering Mechanics (Record no. 39)
[ view plain ]
| 000 -LEADER | |
|---|---|
| Fixed length control field | 00434nam a2200181 4500 |
| 003 - CONTROL NUMBER IDENTIFIER | |
| Control field | SEACOMEC |
| 005 - DATE AND TIME OF LATEST TRANSACTION | |
| Control field | 20231004110927.0 |
| 008 - FIXED-LENGTH DATA ELEMENTS--GENERAL INFORMATION | |
| Fixed length control field | 230930b |||||||| |||| 00| 0 eng d |
| 020 ## - INTERNATIONAL STANDARD BOOK NUMBER / ISBN | |
| Price | Rs.300.00 |
| 040 ## - CATALOGING SOURCE | |
| Original cataloging agency | SEACOMEC |
| 082 ## - DEWEY DECIMAL CLASSIFICATION NUMBER | |
| Classification number | 620.1 |
| Book Number | KUM |
| 100 1# - MAIN ENTRY--PERSONAL NAME | |
| Personal name | Kumaravelan,R. |
| 245 1# - TITLE STATEMENT | |
| Title | Engineering Mechanics |
| Statement of responsibility | R. Kumaravelan |
| 260 ## - IMPRINT | |
| Place of publication | Chennai |
| Name of publisher | Scitech |
| Date of publication | 2005 |
| 650 ## - SUBJECT ADDED ENTRY--TOPICAL TERM | |
| Topical term | Engineering |
| 700 1# - ADDED ENTRY--PERSONAL NAME | |
| Personal name | R. Kumaravelan |
| 942 ## - ADDED ENTRY ELEMENTS (KOHA) | |
| Koha item type | Books |
| Withdrawn status | Lost status | Source of classification | Damaged status | Not for loan | Home library | Current library | Date acquired | Total Checkouts | Call number | Accession number | Date last seen | Price effective from | Koha item type |
|---|---|---|---|---|---|---|---|---|---|---|---|---|---|
| Dewey Decimal Classification | SEACOM ENGINEERING COLLEGE | SEACOM ENGINEERING COLLEGE | 24/07/2006 | 620.1 KUM | 04341 | 04/10/2023 | 04/10/2023 | Books | |||||
| Dewey Decimal Classification | SEACOM ENGINEERING COLLEGE | SEACOM ENGINEERING COLLEGE | 24/07/2006 | 620.1 KUM | 04342 | 04/10/2023 | 04/10/2023 | Books | |||||
| Dewey Decimal Classification | SEACOM ENGINEERING COLLEGE | SEACOM ENGINEERING COLLEGE | 24/07/2006 | 620.1 KUM | 04343 | 04/10/2023 | 04/10/2023 | Books | |||||
| Dewey Decimal Classification | SEACOM ENGINEERING COLLEGE | SEACOM ENGINEERING COLLEGE | 24/07/2006 | 620.1 KUM | 04344 | 04/10/2023 | 04/10/2023 | Books | |||||
| Dewey Decimal Classification | SEACOM ENGINEERING COLLEGE | SEACOM ENGINEERING COLLEGE | 24/07/2006 | 620.1 KUM | 04345 | 04/10/2023 | 04/10/2023 | Books |
